La fin de l'eternel / (Record no. 31338)

MARC details
000 -LEADER
campo de control de longitud fija 00496nam a2200181 i 4500
001 - NÚMERO DE CONTROL
campo de control 31338
003 - IDENTIFICADOR DE NÚMERO DE CONTROL
campo de control ES-MaACL
005 - FECHA Y HORA DE LA ÚLTIMA TRANSACCIÓN
campo de control 20251015063047.0
007 - CAMPO FIJO DE DESCRIPCIÓN FÍSICA--INFORMACIÓN GENERAL
campo de control de longitud fija t|
008 - DATOS DE LONGITUD FIJA--INFORMACIÓN GENERAL
campo de control de longitud fija 030129s1929 fr ||||1| fre d
100 1# - ENTRADA PRINCIPAL--NOMBRE DE PERSONA
Nombre de persona Benda, Julien,
Fechas asociadas al nombre 1867-1956
9 (RLIN) 27470
245 13 - MENCIÓN DEL TÍTULO
Título La fin de l'eternel /
Mención de responsabilidad, etc. Julien Benda.
250 ## - MENCION DE EDICION
Mención de edición 5ª ed.
260 ## - PUBLICACIÓN, DISTRIBUCIÓN, ETC.
Lugar de publicación, distribución, etc. Paris :
Nombre del editor, distribuidor, etc. [s.n.,
Fecha de publicación, distribución, etc. 1929] (
Lugar de fabricación/manufactura Abbeville :
Fabricante F. Paillart)
300 ## - DESCRIPCIÓN FÍSICA
Extensión 260 p. ;
Dimensiones 19 cm.
852 ## - LOCALIZACIÓN
Ubicación ES-MaACL
Número de control de estantería B-5881
Holdings
Estatus retirado Estado de pérdida Estado de daño No para préstamo Biblioteca de origen Biblioteca actual Ubicación en estantería Fecha de adquisición Fuente de adquisición Total de préstamos Signatura topográfica completa Código de barras Visto por última vez Precio de reemplazo Tipo de ítem Koha
        Biblioteca del Ateneo de Madrid Biblioteca del Ateneo de Madrid Sala Pardo Bazán 17/01/2008     B-5881 1032385 23/02/2023 23/02/2023 Libro impreso